|
|
|
|
| LEADER |
00000nam0a2200000 4500 |
| 001 |
196687 |
| 005 |
20231031183209.0 |
| 035 |
|
|
|a (RuTPU)RU\TPU\book\214564
|
| 090 |
|
|
|a 196687
|
| 100 |
|
|
|a 20110527d1935 m y0rusy50 ca
|
| 101 |
0 |
|
|a rus
|
| 102 |
|
|
|a RU
|
| 105 |
|
|
|a a z 000zy
|
| 200 |
1 |
|
|a Дорожные машины
|e конструкция и расчет
|f А. Ф. Константинов
|
| 210 |
|
|
|a Москва
|c Государственное транспортное изд-во
|d 1935
|a Ленинград
|
| 215 |
|
|
|a 295 с.
|c ил.
|
| 610 |
1 |
|
|a дорожные машины
|
| 610 |
1 |
|
|a конструкции
|
| 610 |
1 |
|
|a расчет
|
| 610 |
1 |
|
|a машины
|
| 610 |
1 |
|
|a снаряды
|
| 610 |
1 |
|
|a скреперы
|
| 610 |
1 |
|
|a грейдеры
|
| 610 |
1 |
|
|a экскаваторы
|
| 610 |
1 |
|
|a компрессорные установки
|
| 610 |
1 |
|
|a катки
|
| 610 |
1 |
|
|a камнедробильные заводы
|
| 610 |
1 |
|
|a асфальтобетонные заводы
|
| 610 |
1 |
|
|a строительные машины
|
| 675 |
|
|
|a 625.7
|v 3
|
| 700 |
|
1 |
|a Константинов
|b А. Ф.
|
| 801 |
|
1 |
|a RU
|b 63413507
|c 20110527
|
| 801 |
|
2 |
|a RU
|b 63413507
|c 20110614
|g RCR
|
| 942 |
|
|
|c BK
|